Pokémon - Statistiques (6) - Statistiques

Statistiques générales
  • Ce quiz a été pris 53 fois
  • Le résultat moyen est 27 sur 40
Statistiques - réponses
Question Tuile Select % Correct
Quel Pokémon possède la statistique de base en Attaque la plus élevée ? Non
96%
Quel Pokémon possède la statistique de base en PV la plus élevée ? Non
96%
Quel Pokémon possède la statistique de base en Vitesse la plus élevée ? Non
94%
Quel Pokémon possède la statistique de base en Vitesse la plus élevée ? Non
92%
Quel Pokémon possède la statistique de base en PV la plus élevée ? Non
92%
Quel Pokémon possède la statistique de base en Attaque Spéciale la plus élevée ? Non
88%
Quel Pokémon possède la statistique de base en Défense Spéciale la plus élevée ? Non
88%
Quel Pokémon possède la statistique de base en Vitesse la plus élevée ? Non
88%
Quel Pokémon possède la statistique de base en Défense la plus élevée ? Non
88%
Quel Pokémon possède la statistique de base en Attaque Spéciale la plus élevée ? Non
86%
Quel Pokémon possède la statistique de base en Défense la plus élevée ? Non
84%
Quel Pokémon possède la statistique de base en Vitesse la plus élevée ? Non
84%
Quel Pokémon possède la statistique de base en Défense Spéciale la plus élevée ? Non
80%
Quel Pokémon possède la statistique de base en Vitesse la plus élevée ? Oui
80%
Quel Pokémon possède la statistique de base en PV la plus élevée ? Non
80%
Quel Pokémon possède la statistique de base en Attaque Spéciale la plus élevée ? Non
76%
Quel Pokémon possède la statistique de base en Attaque Spéciale la plus élevée ? Non
76%
Quel Pokémon possède la statistique de base en PV la plus élevée ? Non
74%
Quel Pokémon possède la statistique de base en Défense la plus élevée ? Non
74%
Quel Pokémon possède la statistique de base en Vitesse la plus élevée ? Non
70%
Quel Pokémon possède la statistique de base en Attaque Spéciale la plus élevée ? Non
70%
Quel Pokémon possède la statistique de base en Attaque la plus élevée ? Non
66%
Quel Pokémon possède la statistique de base en Attaque la plus élevée ? Non
66%
Quel Pokémon possède la statistique de base en PV la plus élevée ? Non
66%
Quel Pokémon possède la statistique de base en Défense Spéciale la plus élevée ? Non
64%
Quel Pokémon possède la statistique de base en Défense la plus élevée ? Non
62%
Quel Pokémon possède la statistique de base en Défense la plus élevée ? Non
62%
Quel Pokémon possède la statistique de base en PV la plus élevée ? Non
60%
Quel Pokémon possède la statistique de base en Défense la plus élevée ? Non
54%
Quel Pokémon possède la statistique de base en Attaque Spéciale la plus élevée ? Non
54%
Quel Pokémon possède la statistique de base en Vitesse la plus élevée ? Non
48%
Quel Pokémon possède la statistique de base en Attaque Spéciale la plus élevée ? Oui
48%
Quel Pokémon possède la statistique de base en Défense Spéciale la plus élevée ? Oui
48%
Quel Pokémon possède la statistique de base en PV la plus élevée ? Oui
48%
Quel Pokémon possède la statistique de base en PV la plus élevée ? Oui
42%
Quel Pokémon possède la statistique de base en Défense la plus élevée ? Oui
32%
Quel Pokémon possède la statistique de base en Défense la plus élevée ? Oui
30%
Quel Pokémon possède la statistique de base en Attaque la plus élevée ? Oui
28%
Quel Pokémon possède la statistique de base en Attaque Spéciale la plus élevée ? Oui
28%
Quel Pokémon possède la statistique de base en Vitesse la plus élevée ? Oui
14%
Aucun quiz correspondant
Distribution des résultats
% des personnes avec chaque résultat
Percentile par nombre de réponses
Votre historique - résultats
Vous n’avez pas pris ce quiz